000 00554nam a2200157Ia 4500
008 240729s9999 xx 000 0 und d
022 _a1841-0715
245 0 _aJournal of the European Association for Health Information and Libraries
260 _aNetherlands
260 _bEuropean Association for Health Information and Libraries
650 _a Medicine (General)
650 _aBibliography. Library science. Information resources | Medicine
856 _uhttps://doaj.org/toc/6be9ff9b6093468aa51492ed665f8fe1
942 _2ddc
942 _cDOAJEJ
999 _c69796
_d69796
945 _a1
_bMadushi Gamage
_c1
_dMadushi Gamage